000 006450000a22001810004500
003 MACL
005 20160121155639.0
008 160121b xxu||||| |||| 00| 0 eng d
040 _aMACL
_cMACL
041 _aHindi
082 _a378/ANS
100 _aअंसारी डॉ एम एस
_933936
245 _aयू.जी.सी. जूनियर रिसर्च फैलोशिप तथा लैक्‍चरशिप परीक्षा
260 _bरमेश पब्लिशिंग हाउस
_c2003
_aनई दिल्‍ली
350 _a130
650 _aEducation
_933937
942 _cHIN
_k378/ANS
_2ddc
999 _c30899
_d30899